Films de Frederick Wiseman par image - Statistiques

Statistiques générales
  • Ce quiz a été pris 4 fois
  • Le résultat moyen est 9 sur 16
Statistiques - réponses
Par images Réponse % Correct
Hospital
100%
Central Park
75%
La Comédie Française ou l'Amour Joué
75%
Primate
75%
Titicut Follies
75%
Welfare
75%
Basic Training
50%
Boxing Gym
50%
In Jackson Heights
50%
Model
50%
National Gallery
50%
Near Death
50%
The Store
50%
Blind
25%
La Dernière Lettre
25%
Public Housing
25%
Aucun quiz correspondant
Distribution des résultats
% des personnes avec chaque résultat
Percentile par nombre de réponses
Votre historique - résultats
Vous n’avez pas pris ce quiz